000
00260nam a2200109Ia 4500
008
201231s9999 xx 000 0 und d
100
_a
Williams, Mickey
245
0
_a
Essential Visual C + + 4
260
_a
New Delhi
_b
Prentice Hall
300
_a
500
942
_c
BK
999
_c
9666
_d
9666